Top coal producing countries - Statistics

General Stats
  • This quiz has been taken 2,703 times
    2,699 since last reset
  • The average score is 11 of 15
Answer Stats
Coal production (million tons) Answer % Correct
3,240.0 China
98%
984.6 United States of America
96%
316.9 Russia
95%
67.9 Canada
90%
569.9 India
89%
182.3 Germany
85%
423.9 Australia
84%
73.3 Ukraine
75%
133.2 Poland
70%
253.8 South Africa
69%
85.3 Turkey
64%
305.9 Indonesia
63%
110.8 Kazakhstan
48%
74.4 Colombia
38%
68.5 Greece
28%
No matching quizzes found
Score Distribution
Percent of People with Each Score
Percentile by Number Answered
Your Score History
You have not taken this quiz since the last reset